000 01151pab a2200169 454500
008 180718b1999 xxu||||| |||| 00| 0 eng d
100 _aAwasthi, R.K.
245 _aTechnological transformation and relevance of Gandhi in modern India
260 _c1999
300 _ap.508-24
362 _aOct
520 _aSince the beginning of planned development in India, the issue of technology has been raised at various levels and also recognised as one of the aspects of planning strategy. It appears that the process has bypassed problems related to the technology for the eradication of rural unemployment. The present exercise puts forward the basic principles of rural reconstruction as envisaged by Mahatma Gandhi who devoted all his energies in search of viable, sustainable and capital saving machines. The present article, attempts to highlight the views of Mahatma Gandhi in the sphere of technology and suggests means accordingly, so that the worker is not displaced from his/her home and hearth. - Reproduced
650 _aTechnological change - India
650 _aGandhi, M.K.
773 _aIndian Journal of Social Work
909 _a43467
999 _c43467
_d43467